[Event "ROM-chT"]
[Site "Romania"]
[Date "2002.??.??"]
[Round "3"]
[White "L'Ami, Alina"]
[Black "Miron, Oana"]
[Result "1-0"]
[WhiteElo "2222"]
[BlackElo "2117"]
[PlyCount "31"]
[EventDate "2002.??.??"]
[EventType "team"]
[EventRounds "5"]
[EventCountry "ROU"]
[SourceTitle "EXT 2008"]
[Source "ChessBase"]
[SourceDate "2007.11.25"]
[SourceVersion "1"]
[SourceVersionDate "2007.11.25"]
[SourceQuality "1"]

1. d4 f5 2. Nc3 Nf6 3. Bg5 g6 4. h4 h6 5. Bxf6 exf6 6. h5 g5 7. e3 d5 8. Bd3 Be6 9. g4 fxg4 10. Bg6+ Kd7 11. e4 c6 12. Qd3 dxe4 13. Qxe4 Bb4 14. Nge2 Qa5 15. d5 Qxd5 16. Rd1 1-0

[Event "ROM-chT"]
[Site "Romania"]
[Date "2002.??.??"]
[Round "4"]
[White "Miron, Oana"]
[Black "Dragomirescu, Angela"]
[Result "0-1"]
[WhiteElo "2117"]
[BlackElo "2280"]
[PlyCount "94"]
[EventDate "2002.??.??"]
[EventType "team"]
[EventRounds "5"]
[EventCountry "ROU"]
[SourceTitle "EXT 2008"]
[Source "ChessBase"]
[SourceDate "2007.11.25"]
[SourceVersion "1"]
[SourceVersionDate "2007.11.25"]
[SourceQuality "1"]

1. f4 b6 2. Nf3 Bb7 3. e3 c5 4. b3 Nf6 5. Bb2 g6 6. Be2 Bg7 7. 0-0 0-0 8. Qe1 e6 9. Qh4 d5 10. d3 Nc6 11. a3 d4 12. e4 Nxe4 13. Qxd8 Rfxd8 14. dxe4 d3 15. Bxg7 dxe2 16. Re1 Kxg7 17. Rxe2 Nd4 18. Nxd4 Rxd4 19. Nc3 Ba6 20. Ree1 Rad8 21. Rad1 Rd2 22. e5 Kf8 23. g3 Ke7 24. Rxd2 Rxd2 25. Ne4 Rxc2 26. Rd1 Bb7 27. Nf6 Bd5 28. Nxd5+ exd5 29. Rxd5 Rc3 30. b4 Rxa3 31. bxc5 Ra5 32. Rd2 Rxc5 33. Kf2 h5 34. Ke3 Rc6 35. Ke4 a5 36. f5 Rc4+ 37. Kd3 Rc5 38. Ke4 gxf5+ 39. Kf4 b5 40. h4 a4 41. Rd6 a3 42. Ra6 Rc4+ 43. Kxf5 Ra4 44. Rc6 a2 45. Rc7+ Kd8 46. Rc1 a1Q 47. Rxa1 Rxa1 0-1

[Event "Wch U18 Girls"]
[Site "Oropesa del Mar"]
[Date "2001.10.30"]
[Round "9"]
[White "Mamedjarova, Zeinab"]
[Black "Miron, Oana"]
[Result "1-0"]
[WhiteElo "2265"]
[BlackElo "2156"]
[PlyCount "51"]
[EventDate "2001.10.21"]
[EventType "swiss"]
[EventRounds "11"]
[EventCountry "ESP"]
[SourceTitle "EXT 2002"]
[Source "ChessBase"]
[SourceDate "2001.11.25"]
[SourceVersion "1"]
[SourceVersionDate "2001.11.25"]
[SourceQuality "1"]

1. Nf3 f5 2. d3 d6 3. e4 e5 4. exf5 Bxf5 5. Nc3 Nf6 6. Be2 Be7 7. 0-0 0-0 8. d4 e4 9. Ne1 d5 10. f3 c6 11. f4 Qe8 12. h3 h5 13. Kh2 h4 14. Be3 Qg6 15. Bf2 Qh6 16. Be3 Qg6 17. Bf2 Qh6 18. Be3 Be6 19. Kh1 Nbd7 20. Nb1 Qg6 21. c3 Qg3 22. Qd2 Rad8 23. Bd1 g5 24. Qf2 Qxf2 25. Rxf2 g4 26. Nd2 1-0

[Event "Wch U18 Girls"]
[Site "Oropesa del Mar"]
[Date "2001.10.28"]
[Round "7"]
[White "Milliet, Sophie"]
[Black "Miron, Oana"]
[Result "1/2-1/2"]
[WhiteElo "2113"]
[BlackElo "2156"]
[PlyCount "81"]
[EventDate "2001.10.21"]
[EventType "swiss"]
[EventRounds "11"]
[EventCountry "ESP"]
[SourceTitle "EXT 2002"]
[Source "ChessBase"]
[SourceDate "2001.11.25"]
[SourceVersion "1"]
[SourceVersionDate "2001.11.25"]
[SourceQuality "1"]

1. Nf3 f5 2. d3 Nf6 3. e4 fxe4 4. dxe4 Nxe4 5. Bd3 d5 6. Bxe4 dxe4 7. Qxd8+ Kxd8 8. Ng5 Ke8 9. Nc3 Bf5 10. Ngxe4 e6 11. Bf4 Na6 12. 0-0-0 Be7 13. Rhe1 Rd8 14. Rxd8+ Bxd8 15. Ng3 Kf7 16. Nb5 g5 17. Be5 Bf6 18. Bxc7 Nxc7 19. Nxc7 Bxc2 20. Kxc2 Rc8 21. f3 Rxc7+ 22. Kb1 Rc6 23. Ne4 Be7 24. Rc1 Rxc1+ 25. Kxc1 e5 26. Kd2 Ke6 27. Kd3 b5 28. Nc3 a6 29. Ke4 Bc5 30. Nd5 Bd6 31. Ne3 Bc5 32. Nf5 Bf8 33. g4 Bb4 34. Ne3 Bc5 35. Nd5 Bd6 36. a3 a5 37. Ne3 Bc7 38. Nf5 Bb6 39. Ng7+ Kf7 40. Nf5 Ke6 41. Ng7+ 1/2-1/2

[Event "Wch U18 Girls"]
[Site "Oropesa del Mar"]
[Date "2001.10.23"]
[Round "3"]
[White "Helm, Leonie"]
[Black "Miron, Oana"]
[Result "1/2-1/2"]
[WhiteElo "2137"]
[BlackElo "2156"]
[PlyCount "87"]
[EventDate "2001.10.21"]
[EventType "swiss"]
[EventRounds "11"]
[EventCountry "ESP"]
[SourceTitle "EXT 2002"]
[Source "ChessBase"]
[SourceDate "2001.11.25"]
[SourceVersion "1"]
[SourceVersionDate "2001.11.25"]
[SourceQuality "1"]

1. e4 e6 2. d4 d5 3. Nc3 Nf6 4. Bg5 Bb4 5. e5 h6 6. Bd2 Bxc3 7. bxc3 Ne4 8. Qg4 g6 9. Bd3 Nxd2 10. Kxd2 c5 11. h4 Qa5 12. Bxg6 Rg8 13. Bxf7+ Kxf7 14. Qh5+ Ke7 15. Qxh6 Rf8 16. Qg5+ Ke8 17. f4 cxd4 18. Rh3 dxc3+ 19. Kd1 Nc6 20. h5 Qb4 21. Ne2 d4 22. h6 Qe7 23. Qh5+ Qf7 24. Ng3 Qxh5+ 25. Nxh5 b6 26. Nf6+ Kf7 27. Rg3 Rh8 28. Rg7+ Kf8 29. Nh7+ Ke8 30. Nf6+ Kf8 31. Nh7+ Ke8 32. g4 Ne7 33. Nf6+ Kf8 34. Nh7+ Ke8 35. Ke2 Ba6+ 36. Kf2 d3 37. cxd3 Bxd3 38. f5 Nxf5 39. gxf5 Bxf5 40. Nf6+ Kf8 41. Nd7+ Ke8 42. Nf6+ Kf8 43. Nh7+ Ke8 44. Nf6+ 1/2-1/2

[Event "Wch U18 Girls"]
[Site "Oropesa del Mar"]
[Date "2001.10.22"]
[Round "2"]
[White "Miron, Oana"]
[Black "Charkhalashvili, Inga"]
[Result "1/2-1/2"]
[WhiteElo "2156"]
[BlackElo "2278"]
[PlyCount "81"]
[EventDate "2001.10.21"]
[EventType "swiss"]
[EventRounds "11"]
[EventCountry "ESP"]
[SourceTitle "EXT 2002"]
[Source "ChessBase"]
[SourceDate "2001.11.25"]
[SourceVersion "1"]
[SourceVersionDate "2001.11.25"]
[SourceQuality "1"]

1. f4 d5 2. Nf3 c5 3. g3 Nc6 4. Bg2 g6 5. d3 Bg7 6. 0-0 e6 7. c3 Nge7 8. Qe1 0-0 9. Na3 Rb8 10. Qf2 d4 11. c4 Nf5 12. Rb1 a6 13. Nc2 b5 14. Ng5 Qb6 15. Bd2 bxc4 16. dxc4 a5 17. e4 Nd6 18. Qe2 h6 19. Nf3 Qa6 20. b3 Nb4 21. Bxb4 axb4 22. Nce1 Bb7 23. Nh4 g5 24. e5 gxh4 25. exd6 hxg3 26. hxg3 Bxg2 27. Kxg2 Qxd6 28. Nd3 Rfe8 29. Rbe1 f6 30. Qh5 Rbc8 31. Rf2 Re7 32. Rfe2 Qc6+ 33. Kf2 e5 34. Qf5 Rce8 35. Re4 Qd6 36. Qg6 Qc7 37. Kg1 Qc8 38. fxe5 fxe5 39. Rxe5 Rxe5 40. Rxe5 Rxe5 41. Nxe5 1/2-1/2

[Event "EU-chT U18 Girls 2nd"]
[Site "Balatonlelle"]
[Date "2001.06.27"]
[Round "5"]
[White "Rozic, Vesna"]
[Black "Miron, Oana"]
[Result "0-1"]
[WhiteElo "2077"]
[BlackElo "2123"]
[PlyCount "179"]
[EventDate "2001.06.22"]
[EventType "team-swiss"]
[EventRounds "7"]
[EventCountry "HUN"]
[SourceTitle "EXT 2020"]
[Source "ChessBase"]
[SourceDate "2019.10.17"]
[SourceVersion "1"]
[SourceVersionDate "2019.10.17"]
[SourceQuality "1"]
[WhiteTeam "Slovenia U18 (W)"]
[BlackTeam "Romania U18 (W)"]
[WhiteTeamCountry "SVK"]
[BlackTeamCountry "ROU"]

1. d4 f5 2. Nf3 Nf6 3. Bg5 e6 4. e3 Be7 5. Nbd2 b6 6. c3 Bb7 7. Bd3 0-0 8. 0-0 Ne4 9. Bxe7 Qxe7 10. Qc2 d5 11. Ne5 c5 12. Qd1 Nxd2 13. Qxd2 Nd7 14. Nxd7 Qxd7 15. f4 Rf6 16. Rf3 Bc6 17. Rc1 Qe7 18. Rg3 Rb8 19. b4 Rff8 20. Rf3 Rfc8 21. Rff1 Be8 22. a3 Kh8 23. Qf2 Rc7 24. Rfe1 a5 25. Qb2 axb4 26. axb4 c4 27. Bf1 Ra8 28. Ra1 Rca7 29. Rec1 Qb7 30. Be2 Ra6 31. h3 Qa7 32. Rxa6 Qxa6 33. Kf2 Qa2 34. Qxa2 Rxa2 35. Kf1 Kg8 36. Bd1 Kf8 37. Be2 Ke7 38. Bd1 Kd6 39. Be2 Ba4 40. Ke1 Bc2 41. g4 Bd3 42. Bxd3 cxd3 43. Rd1 Re2+ 44. Kf1 Rxe3 45. gxf5 exf5 46. b5 Rxh3 47. Kg2 Re3 48. Kf2 Re2+ 49. Kf3 Rb2 50. Rxd3 Rxb5 51. Ke3 Ra5 52. Rd1 g6 53. Rb1 Kc6 54. Kd3 Ra7 55. Re1 Kd6 56. Re8 Re7 57. Rd8+ Kc6 58. Rc8+ Kd7 59. Rb8 Kc7 60. Rh8 h5 61. Rg8 Re6 62. Rg7+ Kc6 63. Rg8 Rd6 64. Rg7 Kb5 65. Ra7 Re6 66. Rg7 h4 67. Rh7 Re4 68. Rxh4 g5 69. Rh5 gxf4 70. Rxf5 Re3+ 71. Kd2 Kc4 72. Rxf4 Rxc3 73. Rf6 Rb3 74. Kc2 Rb4 75. Rf4 Ra4 76. Kb2 b5 77. Rh4 Kd3 78. Kb3 Rc4 79. Rh8 Kxd4 80. Rb8 b4 81. Rd8 Ke4 82. Re8+ Kd3 83. Rd8 Rd4 84. Rd7 Ke3 85. Rd8 Ke4 86. Re8+ Kf5 87. Rd8 Ke5 88. Rd7 Rc4 89. Re7+ Kd6 90. Re8 0-1

[Event "EU-chT U18 Girls 2nd"]
[Site "Balatonlelle"]
[Date "2001.06.25"]
[Round "4"]
[White "Miron, Oana"]
[Black "Babic, Marijana"]
[Result "1/2-1/2"]
[WhiteElo "2123"]
[BlackElo "2150"]
[PlyCount "56"]
[EventDate "2001.06.22"]
[EventType "team-swiss"]
[EventRounds "7"]
[EventCountry "HUN"]
[SourceTitle "EXT 2020"]
[Source "ChessBase"]
[SourceDate "2019.10.17"]
[SourceVersion "1"]
[SourceVersionDate "2019.10.17"]
[SourceQuality "1"]
[WhiteTeam "Romania U18 (W)"]
[BlackTeam "Yugoslavia U18 (W)"]
[WhiteTeamCountry "ROU"]
[BlackTeamCountry "YUG"]

1. f4 d5 2. Nf3 Nf6 3. g3 g6 4. Bg2 Bg7 5. 0-0 0-0 6. d3 c5 7. Qe1 Nc6 8. c3 d4 9. Na3 Be6 10. c4 Qc8 11. Nc2 Bh3 12. b4 Bxg2 13. Kxg2 b6 14. Ba3 Nd7 15. Rb1 Qc7 16. Nd2 f5 17. bxc5 bxc5 18. Nb3 Qd6 19. Nxc5 Nxc5 20. Rb5 Nxd3 21. exd3 Qd7 22. Nb4 e6 23. Na6 Rfe8 24. Kg1 Qc8 25. Nb4 Bf8 26. Nc2 a6 27. Rb3 Bxa3 28. Nxa3 e5 1/2-1/2

[Event "EU-chT U18 Girls 2nd"]
[Site "Balatonlelle"]
[Date "2001.06.22"]
[Round "1"]
[White "Mar, Karmen"]
[Black "Miron, Oana"]
[Result "1/2-1/2"]
[WhiteElo "2084"]
[BlackElo "2123"]
[PlyCount "88"]
[EventDate "2001.06.22"]
[EventType "team-swiss"]
[EventRounds "7"]
[EventCountry "HUN"]
[SourceTitle "EXT 2020"]
[Source "ChessBase"]
[SourceDate "2019.10.17"]
[SourceVersion "1"]
[SourceVersionDate "2019.10.17"]
[SourceQuality "1"]
[WhiteTeam "Slovenia U18 (W) II"]
[BlackTeam "Romania U18 (W)"]
[WhiteTeamCountry "SLO"]
[BlackTeamCountry "ROU"]

1. e4 e6 2. d4 d5 3. exd5 exd5 4. Nf3 Nc6 5. Bb5 Bd6 6. c4 dxc4 7. d5 a6 8. Ba4 b5 9. dxc6 bxa4 10. 0-0 Ne7 11. Qxa4 0-0 12. Nbd2 Rb8 13. a3 Rb5 14. Nxc4 Nxc6 15. Bg5 Qd7 16. h3 Bb7 17. Rad1 Qe6 18. Bh4 Qg6 19. Nxd6 cxd6 20. Bg3 Ne5 21. Nxe5 dxe5 22. Rd2 Qc6 23. f3 Qg6 24. Qg4 Qxg4 25. hxg4 f6 26. b4 Rd5 27. Rfd1 Rfd8 28. Rxd5 Rxd5 29. Rc1 Rd6 30. Bf2 Bc6 31. Rc3 Kf7 32. Be3 Bb5 33. Kf2 Rc6 34. Bc5 Ke6 35. Ke3 Rc7 36. Kf2 Rd7 37. Be3 g6 38. Rc1 Rd3 39. Ra1 Ba4 40. Rh1 Rd7 41. Rc1 Rd3 42. Rh1 Rd7 43. Rc1 Rd3 44. Rh1 Rd7 1/2-1/2

[Event "ROM-ch U18 Girls"]
[Site "Sovata"]
[Date "2001.??.??"]
[Round "6"]
[White "Barbascu, Madalina"]
[Black "Miron, Oana"]
[Result "0-1"]
[WhiteElo "2140"]
[BlackElo "2125"]
[PlyCount "114"]
[EventDate "2001.03.31"]
[EventType "tourn"]
[EventRounds "11"]
[EventCountry "ROU"]
[SourceTitle "EXT 2008"]
[Source "ChessBase"]
[SourceDate "2007.11.25"]
[SourceVersion "1"]
[SourceVersionDate "2007.11.25"]
[SourceQuality "1"]

1. Nf3 f5 2. e4 fxe4 3. Ng5 Nf6 4. d3 e6 5. dxe4 Nc6 6. Be2 Qe7 7. Nc3 d6 8. Be3 g6 9. h4 h6 10. Nh3 e5 11. Nd5 Qf7 12. f3 a6 13. Qd2 Nxd5 14. exd5 Ne7 15. 0-0-0 Nf5 16. Bf2 Bg7 17. c3 Bf6 18. g3 b5 19. f4 h5 20. Ng5 Qg7 21. fxe5 Bxe5 22. Qd3 Nh6 23. Bd4 Bf5 24. Bxe5 Qxe5 25. Qd4 Qxd4 26. Rxd4 0-0 27. c4 Rfe8 28. Kd2 b4 29. Bd3 Bxd3 30. Rxd3 Ng4 31. Rf1 Ne5 32. Rd4 Rf8 33. Rdf4 Nxc4+ 34. Kc1 Ne3 35. Rxf8+ Rxf8 36. Rxf8+ Kxf8 37. Ne6+ Ke7 38. Nxc7 Kd7 39. Nxa6 Nxd5 40. a3 bxa3 41. bxa3 Kc6 42. Kc2 Kb5 43. Nb8 Nf6 44. a4+ Kb6 45. a5+ Kb7 46. Kb3 Kxb8 47. Kb4 Ka7 48. Kb5 Kb7 49. a6+ Ka7 50. Kc6 d5 51. Kc5 Kb8 52. Kd4 Ne4 53. Kxd5 Nxg3 54. Ke5 Nf5 55. Kf4 Nxh4 56. Kg5 Ka7 57. Kxh4 Kxa6 0-1

[Event "ROM-ch sf U18 Girls"]
[Site "Eforie Nord"]
[Date "2001.??.??"]
[Round "5"]
[White "Macre, Mihaela"]
[Black "Miron, Oana"]
[Result "0-1"]
[WhiteElo "1481"]
[BlackElo "2128"]
[PlyCount "74"]
[EventDate "2001.01.28"]
[EventType "swiss"]
[EventRounds "9"]
[EventCountry "ROU"]
[SourceTitle "EXT 2004"]
[Source "ChessBase"]
[SourceDate "2003.11.25"]
[SourceVersion "1"]
[SourceVersionDate "2003.11.25"]
[SourceQuality "1"]

1. d4 f5 2. Nf3 Nf6 3. g3 g6 4. Bg2 Bg7 5. 0-0 d6 6. c3 Nc6 7. Nbd2 e5 8. dxe5 dxe5 9. Re1 e4 10. Ng5 h6 11. Nh3 Be6 12. Nb3 Qe7 13. Qc2 0-0 14. Be3 b6 15. Red1 Bf7 16. Rd2 Ne5 17. Bd4 Nc4 18. Rdd1 c5 19. Bxf6 Bxf6 20. Nf4 Rfd8 21. Rxd8+ Rxd8 22. Rd1 Rxd1+ 23. Qxd1 Nxb2 24. Qc2 Nc4 25. Bf1 Qe5 26. e3 g5 27. Ne2 Qd5 28. Nec1 a5 29. a4 Kg7 30. Be2 Be8 31. Na1 Ne5 32. h3 Bf7 33. Nab3 Nd3 34. Nd2 c4 35. Na2 Be8 36. Bd1 Nc5 37. Qb2 Nxa4 0-1

[Event "ROM-ch U20 Girls"]
[Site "Tusnad"]
[Date "2001.??.??"]
[Round "5"]
[White "Manicuta, Monica"]
[Black "Miron, Oana"]
[Result "0-1"]
[WhiteElo "2135"]
[BlackElo "2128"]
[PlyCount "74"]
[EventDate "2001.??.??"]
[EventType "swiss"]
[EventRounds "9"]
[EventCountry "ROU"]
[SourceTitle "EXT 2008"]
[Source "ChessBase"]
[SourceDate "2007.11.25"]
[SourceVersion "1"]
[SourceVersionDate "2007.11.25"]
[SourceQuality "1"]

1. e4 e6 2. d4 d5 3. Nd2 Nf6 4. e5 Nfd7 5. f4 c5 6. c3 Nc6 7. Ndf3 cxd4 8. cxd4 f5 9. Bd3 Be7 10. Ne2 Nb6 11. 0-0 Bd7 12. b3 a5 13. a3 a4 14. b4 Na7 15. Nc3 Rc8 16. Bd2 0-0 17. Qe2 Nc4 18. Rfb1 Nb5 19. Nxb5 Bxb5 20. Be1 Qb6 21. Kh1 Rc7 22. h3 Be8 23. g4 Bg6 24. Bg3 fxg4 25. hxg4 Bxd3 26. Qxd3 g6 27. Ra2 Qb5 28. Rd1 Qa6 29. Ne1 Nb6 30. Qf3 Rfc8 31. f5 Rc3 32. Qf2 Bg5 33. Ng2 Rc1 34. Re1 Qd3 35. Nf4 Rxe1+ 36. Qxe1 Bxf4 37. Bxf4 Qf3+ 0-1

[Event "ROM-ch U18 Girls"]
[Site "Sovata"]
[Date "2001.??.??"]
[Round "9"]
[White "Miron, Oana"]
[Black "Rendi, Eva"]
[Result "1-0"]
[WhiteElo "2125"]
[BlackElo "2050"]
[PlyCount "91"]
[EventDate "2001.03.31"]
[EventType "tourn"]
[EventRounds "11"]
[EventCountry "ROU"]
[SourceTitle "EXT 2008"]
[Source "ChessBase"]
[SourceDate "2007.11.25"]
[SourceVersion "1"]
[SourceVersionDate "2007.11.25"]
[SourceQuality "1"]

1. f4 Nf6 2. Nf3 g6 3. b3 Bg7 4. Bb2 0-0 5. e3 d6 6. Be2 Nc6 7. 0-0 e5 8. fxe5 Ng4 9. Nc3 Ngxe5 10. a3 Nxf3+ 11. Bxf3 Ne5 12. Be2 c6 13. a4 Qh4 14. Qe1 Qe7 15. Qg3 Bf5 16. Bd1 Nd7 17. Rxf5 Be5 18. Qg4 Nf6 19. Qg5 h6 20. Rxe5 Qxe5 21. Qxh6 Rae8 22. Rb1 Qf5 23. Ne2 Qh5 24. Qxh5 Nxh5 25. g4 Ng7 26. Ba3 Rd8 27. Nf4 Rfe8 28. Bf3 d5 29. Bb2 a6 30. a5 Ne6 31. Nxe6 Rxe6 32. g5 Ree8 33. Rf1 Rb8 34. Bd4 Kf8 35. Bg2 Kg8 36. Rf4 Kf8 37. Rh4 Ke7 38. Bc5+ Ke6 39. Bh3+ f5 40. gxf6+ Kxf6 41. Rf4+ Kg7 42. Bd4+ Kh7 43. Rh4+ Kg8 44. Bd7 Red8 45. Be6+ Kf8 46. Bf6 1-0

[Event "EU-ch U18 Girls"]
[Site "Chalkidiki"]
[Date "2000.10.09"]
[Round "8"]
[White "Miron, Oana"]
[Black "Makka, Ioulia"]
[Result "1/2-1/2"]
[WhiteElo "2103"]
[BlackElo "2134"]
[PlyCount "61"]
[EventDate "2000.10.02"]
[EventType "swiss"]
[EventRounds "9"]
[EventCountry "GRE"]
[SourceTitle "CBM 078 Extra"]
[Source "ChessBase"]
[SourceDate "2000.11.10"]
[SourceVersion "1"]
[SourceVersionDate "2000.11.10"]
[SourceQuality "1"]

1. d4 d5 2. Nf3 Nf6 3. e3 c6 4. Bd3 Nbd7 5. Nbd2 e6 6. 0-0 Bd6 7. c3 0-0 8. e4 dxe4 9. Nxe4 Nxe4 10. Bxe4 h6 11. h3 Qc7 12. Bc2 b6 13. Qd3 f5 14. Bb3 Rf6 15. Nh4 Kh8 16. f4 Nf8 17. Bd2 Bb7 18. Rae1 Rd8 19. Nf3 c5 20. Qe3 Qc6 21. Rf2 Qc7 22. Ne5 Kh7 23. Nf3 Ng6 24. Ne5 cxd4 25. cxd4 Be4 26. Ng4 Rf7 27. Ne5 Rf6 28. Ng4 Rff8 29. Ne5 Rf6 30. Ng4 Rff8 31. Ne5 1/2-1/2

[Event "EU-ch U18 Girls"]
[Site "Chalkidiki"]
[Date "2000.10.05"]
[Round "4"]
[White "Miron, Oana"]
[Black "Sudakova, Irina"]
[Result "1/2-1/2"]
[WhiteElo "2103"]
[BlackElo "2212"]
[PlyCount "66"]
[EventDate "2000.10.02"]
[EventType "swiss"]
[EventRounds "9"]
[EventCountry "GRE"]
[SourceTitle "CBM 078 Extra"]
[Source "ChessBase"]
[SourceDate "2000.11.10"]
[SourceVersion "1"]
[SourceVersionDate "2000.11.10"]
[SourceQuality "1"]

1. f4 d5 2. Nf3 c5 3. g3 Nc6 4. Bg2 e6 5. d3 Bd6 6. 0-0 e5 7. fxe5 Nxe5 8. Nxe5 Bxe5 9. e4 Ne7 10. exd5 Bd4+ 11. Kh1 Nxd5 12. c3 Bf6 13. Qa4+ Bd7 14. Qc4 Bc6 15. Qxc5 Qe7 16. Qf2 0-0 17. Re1 Qd7 18. Bd2 Nb6 19. d4 Nc4 20. Bf4 Rfe8 21. Na3 Nxa3 22. bxa3 Rac8 23. Rxe8+ Rxe8 24. Re1 Bxg2+ 25. Kxg2 Qc6+ 26. Kg1 Rc8 27. Rc1 b5 28. a4 a6 29. Qg2 Qc4 30. axb5 axb5 31. Qf1 Qd5 32. Qg2 Qc4 33. Qf1 Qd5 1/2-1/2

[Event "EU-ch U18 Girls"]
[Site "Chalkidiki"]
[Date "2000.10.03"]
[Round "2"]
[White "Dornbusch, Tatiana"]
[Black "Miron, Oana"]
[Result "1/2-1/2"]
[WhiteElo "2253"]
[BlackElo "2103"]
[PlyCount "83"]
[EventDate "2000.10.02"]
[EventType "swiss"]
[EventRounds "9"]
[EventCountry "GRE"]
[SourceTitle "CBM 078 Extra"]
[Source "ChessBase"]
[SourceDate "2000.11.10"]
[SourceVersion "1"]
[SourceVersionDate "2000.11.10"]
[SourceQuality "1"]

1. d4 f5 2. g3 g6 3. Bg2 Nf6 4. c3 Bg7 5. Nh3 c6 6. 0-0 d5 7. Nf4 0-0 8. Nd2 Ne4 9. Nf3 Qe8 10. Nd3 Nd7 11. Bf4 h6 12. Nfe5 g5 13. Nxd7 Bxd7 14. Be5 Bxe5 15. Nxe5 Kg7 16. Qc2 Nd6 17. e3 Nf7 18. c4 Nxe5 19. dxe5 e6 20. Qc3 Kh7 21. Rad1 Qe7 22. f4 g4 23. h4 b6 24. Rf2 b5 25. cxb5 cxb5 26. Qd4 Rfc8 27. Rfd2 Rc4 28. Qd3 Rac8 29. Kh2 Qc5 30. a3 a5 31. Kg1 b4 32. axb4 Rxb4 33. Qa3 Ba4 34. Re1 Rc4 35. Qxc5 R4xc5 36. Bf1 Bb5 37. Bxb5 Rxb5 38. Ra1 Kg7 39. Kf2 Kf7 40. Ke2 Rcc5 41. Ra2 Rc4 42. Rd3 1/2-1/2

[Event "EU-chT U18 Girls 1st"]
[Site "Balatonlelle"]
[Date "2000.07.12"]
[Round "4"]
[White "Miron, Oana"]
[Black "Srebrnic, Ana"]
[Result "1/2-1/2"]
[WhiteElo "2103"]
[BlackElo "2174"]
[PlyCount "144"]
[EventDate "2000.07.09"]
[EventType "team-swiss"]
[EventRounds "7"]
[EventCountry "HUN"]
[SourceTitle "EXT 2020"]
[Source "ChessBase"]
[SourceDate "2019.10.17"]
[SourceVersion "1"]
[SourceVersionDate "2019.10.17"]
[SourceQuality "1"]
[WhiteTeam "Romania U18 (W)"]
[BlackTeam "Slovenia U18 (W)"]
[WhiteTeamCountry "ROU"]
[BlackTeamCountry "SLO"]

1. d4 d6 2. e4 Nf6 3. Bd3 e5 4. c3 Nc6 5. Nf3 Bg4 6. Be3 g6 7. d5 Ne7 8. h3 Bd7 9. Nbd2 Bg7 10. Qb3 Qc8 11. 0-0-0 0-0 12. g4 Ne8 13. Bg5 f6 14. Be3 Kh8 15. Rh2 c5 16. Ng1 a6 17. Nc4 Qc7 18. Nb6 Rb8 19. Nxd7 Qxd7 20. Be2 b5 21. h4 h6 22. g5 h5 23. gxf6 Nxf6 24. f3 c4 25. Qc2 Qc7 26. Nh3 Nh7 27. Qd2 Bf6 28. Ng5 Nxg5 29. Bxg5 Kh7 30. Bh6 Bg7 31. Bg5 a5 32. Rf1 b4 33. Kd1 Bf6 34. f4 exf4 35. Bxf6 Rxf6 36. Qd4 Rbf8 37. Rhf2 Nc8 38. cxb4 axb4 39. Bxc4 Qa5 40. Rf3 Nb6 41. Bb3 Nd7 42. Qd2 Nc5 43. Bc2 Qxa2 44. Qxb4 Qa1+ 45. Kd2 Qa7 46. Qc4 Nd7 47. Ra3 Qb6 48. Rb3 Qa5+ 49. Qc3 Qxc3+ 50. Rxc3 Ne5 51. b4 R6f7 52. b5 Rb8 53. Rb3 Kg7 54. Bd1 Rfb7 55. Rxf4 Rxb5 56. Rxb5 Rxb5 57. Be2 Rb8 58. Ke3 Rb3+ 59. Kd2 Rb7 60. Ke3 Rf7 61. Rxf7+ Kxf7 62. Kf4 Kf6 63. Bf1 Nf7 64. Be2 Kg7 65. Bb5 Kh6 66. Be2 Kg7 67. Bf3 Ne5 68. Be2 Kf6 69. Bb5 Nf7 70. Be2 Ne5 71. Ke3 Nf7 72. Kd4 Ne5 1/2-1/2

[Event "ROM-ch U20 Girls"]
[Site "Baile Tusnad"]
[Date "2000.05.10"]
[Round "8"]
[White "Moldovan, Corina"]
[Black "Miron, Oana"]
[Result "0-1"]
[WhiteElo "2226"]
[BlackElo "2030"]
[PlyCount "88"]
[EventDate "2000.05.??"]
[EventType "swiss"]
[EventRounds "9"]
[EventCountry "ROU"]
[SourceTitle "EXT 2004"]
[Source "ChessBase"]
[SourceDate "2003.11.25"]
[SourceVersion "1"]
[SourceVersionDate "2003.11.25"]
[SourceQuality "1"]

1. d4 g6 2. e4 Bg7 3. c4 e5 4. d5 d6 5. Nc3 f5 6. f3 Nf6 7. Bd3 fxe4 8. Nxe4 Nxe4 9. Bxe4 Nd7 10. Ne2 Nc5 11. Nc3 Qh4+ 12. g3 Qf6 13. Be3 b6 14. b4 Nxe4 15. Nxe4 Qf7 16. Rf1 0-0 17. Qe2 Bd7 18. Rd1 Rab8 19. Rf2 Bf5 20. Ng5 Qe8 21. g4 Bc8 22. Kf1 Qa4 23. Qd2 a5 24. Rb1 axb4 25. Rxb4 Qe8 26. Ne4 Ra8 27. Kg1 Ra4 28. Qb2 h6 29. Qb3 Bd7 30. Rxa4 Bxa4 31. Qd3 Bd7 32. Qf1 Qf7 33. Qh3 g5 34. Qg3 b5 35. h4 bxc4 36. hxg5 Qg6 37. Rh2 hxg5 38. Qh3 Rb8 39. Rc2 c6 40. dxc6 Bxc6 41. Rxc4 d5 42. Rxc6 Qxc6 43. Nxg5 Rb1+ 44. Kg2 Qh6 0-1

[Event "ROM-ch U20 Girls"]
[Site "Baile Tusnad"]
[Date "2000.05.09"]
[Round "7"]
[White "Ionica, Iulia Ionela"]
[Black "Miron, Oana"]
[Result "0-1"]
[WhiteElo "2196"]
[BlackElo "2030"]
[PlyCount "156"]
[EventDate "2000.05.??"]
[EventType "swiss"]
[EventRounds "9"]
[EventCountry "ROU"]
[SourceTitle "EXT 2004"]
[Source "ChessBase"]
[SourceDate "2003.11.25"]
[SourceVersion "1"]
[SourceVersionDate "2003.11.25"]
[SourceQuality "1"]

1. e4 e6 2. d4 d5 3. Nd2 dxe4 4. Nxe4 Nd7 5. Nf3 Ngf6 6. Nxf6+ Nxf6 7. c3 Be7 8. Bd3 c5 9. 0-0 cxd4 10. Nxd4 0-0 11. Qe2 Qc7 12. Nb5 Qc6 13. Bf4 Bd7 14. Rad1 a6 15. Nd4 Qb6 16. Bb1 Nd5 17. Qc2 g6 18. Bh6 Rfd8 19. Nf3 Rac8 20. Qe4 Bc6 21. Qe2 Bf6 22. Bg5 Bxg5 23. Nxg5 Qc7 24. Qg4 Qf4 25. Qxf4 Nxf4 26. f3 Bb5 27. Rfe1 Ba4 28. b3 Rxd1 29. Rxd1 Ne2+ 30. Kf1 Nxc3 31. Rc1 Bd7 32. Ne4 Nxb1 33. Rxb1 Bb5+ 34. Ke1 Rc2 35. Nd2 Rxa2 36. Rc1 Bc6 37. Ke2 Ra5 38. Ke3 Re5+ 39. Kf2 Kf8 40. f4 Rb5 41. Rc3 Rb4 42. g3 a5 43. Nc4 a4 44. bxa4 Rxa4 45. Ne5 Ra6 46. Ke3 f6 47. Nd3 Ke7 48. h4 h5 49. Nb4 Rb6 50. Nxc6+ Rxc6 51. Rb3 b6 52. Ra3 e5 53. fxe5 fxe5 54. Ra7+ Ke6 55. Rb7 Kd5 56. Rd7+ Rd6 57. Rb7 Re6 58. Rd7+ Kc6 59. Rd8 b5 60. Rc8+ Kd5 61. Rb8 Kc5 62. Ke4 b4 63. Rc8+ Kb5 64. Kd5 Rb6 65. Rc5+ Ka4 66. Kc4 Ka3 67. Ra5+ Kb2 68. Rxe5 b3 69. Re2+ Ka3 70. Re8 Ka2 71. Ra8+ Kb1 72. Kc3 b2 73. Rf8 Rd6 74. Rf1+ Ka2 75. Rf7 Rc6+ 76. Kd2 b1Q 77. Ra7+ Kb2 78. Rb7+ Ka1 0-1